000 00593nam a2200277Ia 4500
005 20260127113053.0
008 008 260114s9999 xx 000 0 eng d
020 _a195640179
037 _aTextbook
040 _aPSDL
040 _beng
040 _cPSDL
041 _2eng
041 _aeng
084 _aV2:3(Q) N6
084 _qPSDL
245 0 _aMaking India Hindu
260 _aDelhi
260 _bOxford University Press
260 _c1996
300 _a346p.
942 _cTB
942 _hV2:3(Q) N6
999 _c1675273
_d1675273